000 00306nam a22001457a 4500
008 230517b ||||| |||| 00| 0 eng d
020 _a9780737705058
041 _aeng
080 _a159.9
082 _a159.9LEO
100 _a25
101 _aPSI
245 _aTHE HOMELESS
_cLEONE.D
942 _2udc
_cBK
999 _c59765
_d59765